000 00664cam a2200217 a 4500
001 000018069
005 20200929165336.0
008 881109s1986 ck a 001 p spa d
040 _aDO-SdBNP
_bspa
_cDLC
_dBNPHU
082 _aCo861.44
_bB412a
100 1 _aBedoya M., Luis Iván,
_d1947-
_917375
245 1 0 _aAprender a aprehender /
_cLuis Iván Bedoya.
260 _aMedellín, Colombia :
_bEdiciones Otras Palabras,
_c1986.
300 _a49 p. ;
_c17 cm.
490 1 _aPoesía
_v6
650 4 _aPoesía colombiana
_93742
650 4 _aLiteratura colombiana
_91244
830 0 _aPoesía ;
_v6.
_91183
910 _aCatalogación por copia / LC
049 _aBNGR
999 _c17591
_d17591